Директива Ставки Верховного Главнокомандования № 170385 командующему войсками Крымского фронта об обороне Керчи

RUSMARC
00004895cbm0a2200301#x 450
001b669449e-63fd-46e6-a1a5-901d806a5fd9
00520230419101117.0
100##$a20230411j19420515k###0rusy50 ca
1010#$arus
102##$aRU
1220#$ad19420515##
2001#$aДиректива Ставки Верховного Главнокомандования № 170385 командующему войсками Крымского фронта об обороне Керчи
$j15 мая 1942 г.
251##$cДокумент
300##$aПодлинник. Правка красным карандашом - автограф И. В. Сталина
461#0$12001
$aФ. 5
$1251
$cФонд
$1852
$j5
462#0$12001
$aОп. 27
$1251
$cОпись
$1852
$j27
462#0$12001
$aД. 71
$vЛ. 277-277об.
$1251
$cДело
$1852
$j71
60101$2nlr_sh
$3RU\NLR\AUTH\661280805
$aСССР
$bСтавка Верховного Главнокомандования
$jДокументы и материалы
60102$2nlr_sh
$3RU\NLR\AUTH\6601712807
$aКрымский фронт
$c1942
$jДокументы и материалы
605##$2prlib_sh
$3LIBNET\UAF\0000088514
$aВторая мировая война в архивных документах (Комплекс оцифрованных архивных документов, кино- и фотоматериалов)
$lколлекция
6061#$2nlr_sh
$3RU\NLR\AUTH\661398676
$aВеликая Отечественная война
$z1941 - 1945
$xПервый период
$jДокументы и материалы
607##$2nlr_sh
$3RU\NLR\AUTH\66546130
$aКерчь, город (Крым)
$xИстория
$z1941 - 1945
$jДокументы и материалы
686##$a63.3(2)622,11ю11
$vLBC/M
$2rubbk
801#0$aRU
$bПБ им. Б.Н. Ельцина
$c20230411
801#1$aRU
$bПБ им. Б.Н. Ельцина
$c20230411
$2rusmarc
801#2$aRU
$bПБ им. Б.Н. Ельцина
$c20230419
$2rusmarc
850##$aЦентральный архив Министерства обороны Российской Федерации
852##$aЦА МО РФ
$jЛ. 277-277об.
035##$aLIBNET\0001322020
937##$d184758870
$hФедеральное архивное агентство
8564#$uhttp://readingroom.main.prlib.ru/item.aspx?id_node=n184758870&mode=full
Формат отображения